Statystyki dla Państwa o największym potencjale OZE

Kliknij tutaj aby rozwiązać quiz!

Ogólne statystyki

  • Ten quiz został rozwiązany 21 razy
  • Średni wynik to 5 z 10

Statystyki odpowiedzi

Odpowiedź% Poprawnych
Niemcy
80%
Chiny
70%
Dania
70%
Islandia
70%
Szwecja
70%
Wielka Brytania
55%
Urugwaj
15%
Maroko
10%
Kostaryka
5%
Nikaragua
5%

Rozkład punktacji

Percentyl według liczby udzielonych odpowiedzi

Procent ludzi z każdym wynikiem

Twoja historia wyników

Nie rozwiązałeś tego quizu